O gênio do crime (Record no. 194657)

MARC details
000 -LÍDER
campo de controle de tamanho fixo 00345 a2200157 4500
001 - NÚMERO DE CONTROLE
campo de controle 194657
020 ## - ISBN - INTERNATIONAL STANDARD BOOK NUMBER
ISBN - International Standard Book Number 978-85-260-1047-5
040 ## - FONTE DA CATALOGAÇÃO
Instituição que transcreveu o registro Magnum
100 ## - ENTRADA PRINCIPAL--NOME PESSOAL
Nome pessoal Silva, João Carlos Marinho
240 10 - TÍTULO UNIFORME
Título uniforme O gênio do crime
Idioma da obra por
245 10 - TÍTULO
Título O gênio do crime
300 ## - DESCRIÇÃO FÍSICA
Extensão 139
362 0# - DATAS DE PUBLICAÇÃO E/OU DESIGNAÇÃO SEQUENCIAL
Datas de publicação e/ou designação sequencial 2009
697 ## - ENTRADA DE ASSUNTO LOCAL--ENTIDADE COLETIVA (RLIN)
Nome corporativo ou nome da jurisdição LITERATURA JUVENIL
942 ## - ELEMENTOS DE ENTRADA ADICIONADOS (KOHA)
Tipo de material Koha Livros
Holdings
Situação do descarte Situação das perdas Situação física Não pode ser emprestado Biblioteca de origem Biblioteca atual Data de aquisição Total de empréstimos Número de chamada completo Código de barras Data de último acesso Data do preço efetivo Tipo de material Koha
        Magnum Magnum 08/06/2024   869.3.142 MAG00074881 08/06/2024 08/06/2024 Livros
        Magnum Magnum 08/06/2024   869.3.142 MAG00074882 08/06/2024 08/06/2024 Livros
        Magnum Magnum 08/06/2024   869.3.142 MAG00074883 08/06/2024 08/06/2024 Livros
        Magnum Magnum 08/06/2024   869.3.142 MAG00074884 08/06/2024 08/06/2024 Livros
        Magnum Magnum 08/06/2024   869.3.142 MAG00074885 08/06/2024 08/06/2024 Livros
        Magnum Magnum 08/06/2024   869.3.142 MAG00074886 08/06/2024 08/06/2024 Livros
        Magnum Magnum 08/06/2024   869.3.142 MAG00074887 08/06/2024 08/06/2024 Livros
        Magnum Magnum 08/06/2024   869.3.142 MAG00074888 08/06/2024 08/06/2024 Livros
        Magnum Magnum 08/06/2024   869.3.142 MAG00074889 08/06/2024 08/06/2024 Livros
        Magnum Magnum 08/06/2024   869.3.142 MAG00075387 08/06/2024 08/06/2024 Livros
        Magnum Magnum 08/06/2024   869.3.142 MAG00075967 08/06/2024 08/06/2024 Livros